000 00432nam a2200145Ia 4500
999 _c19097
_d19097
082 _aTB.0321
100 _aBandyopadhyay, Ishita
245 0 _aReligion and society in Orissa : Mahima Dharma in the Nineteenth and Twentieth centuries
260 _c1993
_bUniversity of Calcutta
300 _a221p. + C D -19
650 _aRELIGION AND SOCIOLOGY - ORISSA
650 _aMAHIMA DHARMA
710 _aBhadra, Gautam
942 _cTH
_2ddc